In quest of Indian folktales : (Record no. 37850)

MARC details
000 -LEADER
fixed length control field 02313nam a22003137a 4500
005 - DATE AND TIME OF LATEST TRANSACTION
control field 20100727105330.0
010 ## - LCCN (DPL NO)
LC control number ENG-96837 B-452439-445
020 ## - INTERNATIONAL STANDARD BOOK NUMBER
International Standard Book Number 9788125034506
Terms of availability 695.00
020 ## - INTERNATIONAL STANDARD BOOK NUMBER
International Standard Book Number 8125034501
Terms of availability 695.00
035 ## - SYSTEM CONTROL NUMBER
System control number EN-80370 B-452439-445
037 ## - SOURCE OF ACQUISITION
Source of stock number/acquisition DBAD/PUB
082 ## - DEWEY DECIMAL CLASSIFICATION NUMBER
Classification number 398.20954
100 ## - MAIN ENTRY--PERSONAL NAME
Personal name Naithani, Sadhana
245 ## - TITLE STATEMENT
Title In quest of Indian folktales :
Remainder of title pandit ram gharib chaube and william crooke /
Statement of responsibility, etc by Sadhana Naithani
260 ## - PUBLICATION, DISTRIBUTION, ETC. (IMPRINT)
Place of publication, distribution, etc Hyderabad
Name of publisher, distributor, etc Orient blackswan publisher
Date of publication, distribution, etc 2009
270 ## - ADDRESS
Address 3-6-752, Himayatnagar
Postal code 500029
City Hyderabad
300 ## - PHYSICAL DESCRIPTION
Extent xi, 328 p
Dimensions 23 cm. (Hb)
500 ## - GENERAL NOTE
General note inculdes bibliographical references and index
942 ## - ADDED ENTRY ELEMENTS (KOHA)
Source of classification or shelving scheme Dewey Decimal Classification
Item type English Books
Classification part 398.20954
Call number suffix NAI
Holdings
Withdrawn status Lost status Not for loan Collection code Home library Current library Date acquired Source of acquisition Cost, normal purchase price Full call number Barcode Copy number Cost, replacement price Koha item type
      Non-fiction Central Library Central Library 15/02/2012 Virtuous Pub/686/14.10.2011/05/15.09.2011/29.11.2011 695.00 398.20954 NAI B-452439 1 695.00 English Books
    Not For Loan Non-fiction D.B.Act.Division D.B.Act.Division 27/07/2010 DBAD/PUB 695.00 398.20954 NAI EN-80370 1 695.00 English Books
      Non-fiction Janak Puri Janak Puri 15/02/2012 Virtuous Pub/686/14.10.2011/05/15.09.2011/29.11.2011 695.00 398.20954 NAI B-452441 1 695.00 English Books
      Non-fiction Karol Bagh Karol Bagh 15/02/2012 Virtuous Pub/686/14.10.2011/05/15.09.2011/29.11.2011 695.00 398.20954 NAI B-452444 1 695.00 English Books
      Non-fiction Patel Nagar Patel Nagar 15/02/2012 Virtuous Pub/686/14.10.2011/05/15.09.2011/29.11.2011 695.00 398.20954 NAI B-452440 1 695.00 English Books
      Non-fiction Sarojini Nagar Sarojini Nagar 15/02/2012 Virtuous Pub/686/14.10.2011/05/15.09.2011/29.11.2011 695.00 398.20954 NAI B-452442 1 695.00 English Books
      Non-fiction Shahdara Branch Shahdara Branch 15/02/2012 Virtuous Pub/686/14.10.2011/05/15.09.2011/29.11.2011 695.00 398.20954 NAI B-452445 1 695.00 English Books
      Non-fiction Vinoba Puri Vinoba Puri 15/02/2012 Virtuous Pub/686/14.10.2011/05/15.09.2011/29.11.2011 695.00 398.20954 NAI B-452443 1 695.00 English Books

© Delhi Public Library
Hit Counter
free hit counter